O ústavnej zmluve má rozhodnúť decembrový summit

Rokovania o problematike ústavnej zmluvy EÚ a otázka rastu ekonomiky únie. Stanoviská k sporným bodom návrhu ústavnej zmluvy. Problematika zloženia a predsedníctva Európskej komisie. Otázka smerovania verejných zdrojov. Kapacita zdrojov.

Saved in:
Bibliographic Details
Main Author: Schönwiesner, Roman
Format: Book Chapter
Language:Slovak
Subjects:
Tags: Add Tag
No Tags, Be the first to tag this record!

MARC

LEADER 00000naa$a2200000$$$4500
001 0001421
005 20230921115411.5
041 0 |a slo 
044 |a SK 
245 1 0 |a O ústavnej zmluve má rozhodnúť decembrový summit  |c aut. Roman Schönwiesner 
520 |a Rokovania o problematike ústavnej zmluvy EÚ a otázka rastu ekonomiky únie. Stanoviská k sporným bodom návrhu ústavnej zmluvy. Problematika zloženia a predsedníctva Európskej komisie. Otázka smerovania verejných zdrojov. Kapacita zdrojov. 
610 2 0 |a Európska únia 
610 2 0 |a Slovensko 
610 2 0 |a ústava 
610 2 0 |a zmluvy 
610 2 0 |a financovanie 
610 2 0 |a rast hospodársky 
100 1 |a Schönwiesner, Roman